| 000 | 01035cam a2200277 a 4500 | ||
|---|---|---|---|
| 003 | EG-GiCUC | ||
| 008 | 061102s2000 ua a g 000 0 ara d | ||
| 017 |
_a2000 / 14472 _bمصر. دار الكتب. |
||
| 020 | _a977573553x | ||
| 040 |
_aEG-GiCUC _bara _cEG-GiCUC |
||
| 050 | 4 |
_aTK5105.875.I57 _bA2 2000 |
|
| 092 | 0 | 4 |
_a004.678 _bA862t _221 |
| 099 |
_a04 _a004.678 A862t |
||
| 100 | 1 | _aابو العطا: مجدى محمد. | |
| 245 | 1 | 0 |
_aتيسير Internet / _cمجدى محمد ابوالعطا |
| 246 | 3 | _aالانترنت. | |
| 250 | _aط. 1. | ||
| 260 |
_aالقاهرة : _bشركة علوم الحاسب كمبيوساينس : _c2000 |
||
| 300 |
_a235 ص. : _bإيض. ؛ _c24سم. |
||
| 490 | 1 |
_aسلسلة تيسير علوم الحاسب . _pمجموعة كتب الحاسب الشخصى ؛ _v65 |
|
| 650 | 4 | _aالانترنت. | |
| 830 | 0 |
_aسلسلة تيسير علوم الحاسب . مجموعة كتب الحاسب الشخصى ؛ _v65 |
|
| 902 | _a2 | ||
| 905 |
_aشكرية _eمدخل |
||
| 942 |
_2ddc _cBK |
||
| 999 |
_c88412 _d88412 |
||